Prontuario jurídico bancario
Sparad:
| Huvudupphovsman: | |
|---|---|
| Materialtyp: | Bok |
| Språk: | spanska |
| Publicerad: |
Santiago
Jurídica de Chile
1956
|
| Ämnen: | |
| Taggar: |
Lägg till en tagg
Inga taggar, Lägg till första taggen!
|
MARC
| LEADER | 00000nam a2200000 a 4500 | ||
|---|---|---|---|
| 001 | UCV2095 | ||
| 003 | CL-VaPUC | ||
| 008 | 911015e19560000CL |||||||||||||||||spa|d | ||
| 082 | 0 | 4 | |a 346.082 |b CRU |2 21 |
| 100 | 0 | |a Cruz Ortíz, Neftalí |e author |9 296326 | |
| 245 | 1 | 0 | |a Prontuario jurídico bancario |
| 300 | |a 484 p | ||
| 942 | |c BK | ||
| 945 | |d 19911015 00:00:00 | ||
| 260 | |a Santiago |b Jurídica de Chile |c 1956 | ||
| 650 | 0 | |a Bancos |9 254963 | |
| 651 | 7 | |a CHILE |2 CL-VaPUC |9 296327 | |
| 583 | |a last modification |c 19911015 00:00:00 |k Rodrigo Vera | ||
| 999 | |c 209779 |d 209777 | ||
| 952 | |0 0 |1 0 |4 0 |6 346_082000000000000_CRU_1956 |7 0 |8 A |9 185522 |a BIBDER |b BIBDER |d 2019-11-14 |i 2530058 |o 346.082 CRU 1956 |p 2530058 |r 2023-01-25 |w 2019-11-14 |y BK |k DER | ||
| 952 | |0 0 |1 0 |4 0 |6 346_082000000000000_CRU_1956 |7 0 |8 A |9 185523 |a BIBDER |b BIBDER |d 2019-11-14 |i 4130383 |o 346.082 CRU 1956 |p 4130383 |r 2023-01-25 |w 2019-11-14 |y BK |k DER | ||